000 00659nam a2200217Ia 4500
003 OSt
005 20250925142102.0
008 210719s2021 xx 000 0 und d
040 _cAL
041 _aKannada
082 _a791.92K RAVR
100 _aRAVI BELAGERE
_dರವಿ ಬೆಳಗೆರೆ
_9213547
245 _aRekha: antaranga hegide gotte?
_b ರೇಖಾ , ಅಂತರಂಗ ಹೇಗಿದೆ ಗೊತ್ತೆ
260 _aBengaluru
_bBhavana Prakashana
_c2021
300 _axxi,290
_bPB
365 _b300
_cRs
650 _aBiography
_9213548
650 _aRecreational & Performing Arts
_9213549
906 _aRekha
942 _2ddc
_cBK
999 _c211801
_d211801